| 000 | 01147nam a2200337 i 4500 | ||
|---|---|---|---|
| 001 | 13908 | ||
| 003 | KOSZ 005 | ||
| 005 | 20201008082830.0 | ||
| 008 | 071203s1971 pl a f f 001 0 pol | ||
| 015 | _aPB 1971/9130 | ||
| 035 | _a(OCoLC)831221826 | ||
| 040 |
_aWA N _cWA N _dKOSZ 005/KK |
||
| 080 | _a511 | ||
| 100 | 1 |
_aGrzegorczyk, Andrzej _d(1922-2014) _eAutor |
|
| 245 | 1 | 0 |
_aZarys arytmetyki teoretycznej / _cAndrzej Grzegorczyk. |
| 260 |
_aWarszawa : _bPaństwowe Wydawnictwo Naukowe, _c1971. |
||
| 300 |
_a314, [2] stron : _berrata ; _c23 cm. |
||
| 336 |
_2rdacontent _aTekst _btxt |
||
| 337 |
_2rdamedia _aBez urządzenia pośredniczącego _bn |
||
| 338 |
_2rdacarrier _aWolumin _bnc |
||
| 380 | _aKsiążki. | ||
| 490 | 1 |
_aBiblioteka Matematyczna ; _vt. 39. |
|
| 504 | _aIndeks. | ||
| 658 | _aMatematyka | ||
| 655 | 4 | _aPodręczniki akademickie | |
| 650 | 4 | _aArytmetyka | |
| 710 |
_aPaństwowe Wydawnictwo Naukowe _4pbl. |
||
| 830 | 0 |
_aBiblioteka Matematyczna, _vt. 39. |
|
| 856 |
_uhttp://koha.tu.koszalin.pl/cgi-bin/koha/opac-detail.pl?biblionumber=13908 _yKatalog online BPK |
||
| 942 |
_2UKD _cKS |
||
| 999 |
_c13908 _d13908 |
||